Managing agriculture for a better tomorrow: the Indian experience (Record no. 82534)

MARC details
000 -LEADER
fixed length control field 00939nam a2200181 a 4500
008 - FIXED-LENGTH DATA ELEMENTS--GENERAL INFORMATION
fixed length control field 120416s1998 ||||||||||||||||| || u
020 ## - INTERNATIONAL STANDARD BOOK NUMBER
International Standard Book Number 8175330678
050 ## - LIBRARY OF CONGRESS CALL NUMBER
Classification number HD 1417 Man
100 ## - MAIN ENTRY--PERSONAL NAME
Personal name Pandey, D. C
245 10 - TITLE STATEMENT
Title Managing agriculture for a better tomorrow: the Indian experience
Statement of responsibility, etc. edited by D. C. Pandey
260 ## - PUBLICATION, DISTRIBUTION, ETC.
Place of publication, distribution, etc. New Delhi:
Name of publisher, distributor, etc. M. D. Publications
Date of publication, distribution, etc. 1998
350 ## -
-- 0.00
650 ## - SUBJECT ADDED ENTRY--TOPICAL TERM
Topical term or geographic name entry element AGRICULTURE--ECONOMIC ASPECTS--INDIA
650 ## - SUBJECT ADDED ENTRY--TOPICAL TERM
Topical term or geographic name entry element AGRICULTURE
995 ## -
-- ANNEX COLLECTION (Main Library)
-- 0.00
-- 732279
-- CBU-MAIN LIBRARY (Kitwe)
-- 1
-- 25.00
-- HD 1417 Man
-- 1
-- AVAILABLE
-- 029910
-- Annex Low-Usage Collection
995 ## -
-- ANNEX COLLECTION (Main Library)
-- 0.00
-- 732280
-- CBU-MAIN LIBRARY (Kitwe)
-- 2
-- 25.00
-- HD 1417 Man
-- 2
-- AVAILABLE
-- 029911
-- Annex Low-Usage Collection
995 ## -
-- ANNEX COLLECTION (Main Library)
-- 0.00
-- 732281
-- CBU-MAIN LIBRARY (Kitwe)
-- 3
-- 25.00
-- HD 1417 Man
-- 3
-- AVAILABLE
-- 029906
-- Annex Low-Usage Collection
999 ## -
-- 82534
-- 82534
Holdings
Withdrawn status Lost status Source of classification or shelving scheme Damaged status Not for loan Permanent Location Current Location Shelving location Date acquired Total Checkouts Full call number Barcode Date last seen Copy number Price effective from Koha item type
          CBU-MAIN LIBRARY, KITWE. CBU-MAIN LIBRARY, KITWE.   09/29/2023   HD 1417 Man 029910 09/29/2023 1 09/29/2023 MONOGRAPH
          CBU-MAIN LIBRARY, KITWE. CBU-MAIN LIBRARY, KITWE.   09/29/2023   HD 1417 Man 029911 09/29/2023 2 09/29/2023 MONOGRAPH
Withdrawn         CBU-MAIN LIBRARY, KITWE. CBU-MAIN LIBRARY, KITWE.   09/29/2023   HD 1417 Man 029906 09/29/2023 3 09/29/2023 MONOGRAPH